000 00417nam a2200169Ia 4500
005 20250516013751.0
008 240331s9999 xx 000 0 und d
020 _a9971842459
082 _a294
_bKAL
100 _aKalyanawansa , Bikku Hanwelle
245 0 _aSinhala Gee Sahitha Pirith Desana ha Bodi Pujawa
260 _bAuthor
300 _aiii, 100 p .,
650 _aBuddhism
650 _aHistory
942 _cL
999 _c895
_d895